<?xml version="1.0" encoding="UTF-8"?>
<collection xmlns="http://www.loc.gov/MARC21/slim">
 <record>
  <leader>00470pamaa2200145   4500</leader>
  <controlfield tag="001">0000021341</controlfield>
  <controlfield tag="005">20090206090000.0</controlfield>
  <datafield tag="020" ind1="0" ind2="0">
   <subfield code="a">0140433139 (pbk) </subfield>
  </datafield>
  <datafield tag="090" ind1="0" ind2="0">
   <subfield code="a">PR3404.M6 </subfield>
   <subfield code="b">DEF 1989</subfield>
  </datafield>
  <datafield tag="100" ind1="1" ind2="0">
   <subfield code="a">Defoe </subfield>
  </datafield>
  <datafield tag="245" ind1="1" ind2="4">
   <subfield code="a">The fortunes and misfortunes of the famous Moll Flanders / Daniel Defoe ; edited with an introduction by David Blewett.</subfield>
  </datafield>
  <datafield tag="260" ind1="0" ind2="0">
   <subfield code="a">London: </subfield>
   <subfield code="b">Penguin Books, </subfield>
   <subfield code="c">c1989.</subfield>
  </datafield>
  <datafield tag="300" ind1=" " ind2=" ">
   <subfield code="a">ix, 454p.: </subfield>
   <subfield code="b">ill. maps.; </subfield>
   <subfield code="c">20cm.</subfield>
  </datafield>
  <datafield tag="440" ind1="0" ind2="0">
   <subfield code="a">Penguin classics</subfield>
  </datafield>
  <datafield tag="740" ind1="0" ind2="0">
   <subfield code="a">Moll flanders</subfield>
  </datafield>
 </record>
</collection>
